[Event "Malatya Golden Apricot op 7th"]
[Site "Malatya"]
[Date "2024.08.27"]
[Round "3"]
[White "Sevdimaliyev, Urfan"]
[Black "Mousavi, Seyed Emadeddin"]
[Result "1-0"]
[WhiteElo "2334"]
[BlackElo "1954"]
[PlyCount "85"]
[EventDate "2024.08.26"]
[EventType "swiss"]
[EventRounds "9"]
[EventCountry "TUR"]
[SourceTitle "EXT 2025"]
[Source "ChessBase"]
[SourceDate "2024.10.14"]
[SourceVersion "1"]
[SourceVersionDate "2024.10.14"]
[SourceQuality "1"]

1. e4 c5 2. Nf3 d6 3. d4 cxd4 4. Nxd4 Nf6 5. Nc3 a6 6. Be3 e5 7. Nb3 Be7 8. f4 Nbd7 9. Qe2 b5 10. 0-0-0 Qc7 11. g4 Bb7 12. Bg2 b4 13. Nd5 Nxd5 14. exd5 0-0 15. Kb1 a5 16. fxe5 Nxe5 17. Nd4 Ba6 18. Qe1 Rfe8 19. Qg3 Nc4 20. Bc1 Bf6 21. Nc6 Qb6 22. Bf1 Qc5 23. g5 Be5 24. Qb3 g6 25. h4 Bb5 26. h5 Bxc6 27. dxc6 d5 28. hxg6 hxg6 29. Qa4 Rab8 30. Rh3 Na3+ 31. bxa3 bxa3+ 32. Rb3 Qc3 33. Bb2 Rxb3 34. Qxb3 axb2 35. Qxc3 Bxc3 36. Bh3 Be5 37. Re1 Kf8 38. Rxe5 Rxe5 39. c7 Re8 40. c8Q Rxc8 41. Bxc8 Ke7 42. Kxb2 f5 43. Kc3 1-0

[Event "Kesan op 19th"]
[Site "Kesan"]
[Date "2024.08.14"]
[Round "5"]
[White "Mohannad, Farhan"]
[Black "Mousavi, Seyed Emadeddin"]
[Result "1-0"]
[WhiteElo "2128"]
[BlackElo "1954"]
[PlyCount "59"]
[EventDate "2024.08.12"]
[EventType "swiss"]
[EventRounds "9"]
[EventCountry "TUR"]
[SourceTitle "CBM 221 Extra"]
[Source "ChessBase"]
[SourceDate "2024.09.30"]
[SourceVersion "1"]
[SourceVersionDate "2024.09.30"]
[SourceQuality "1"]

1. d4 d5 2. c4 e6 3. Nc3 Nf6 4. Bg5 Be7 5. e3 0-0 6. Nf3 Nbd7 7. Qc2 c6 8. Rd1 a6 9. a3 Re8 10. Bd3 dxc4 11. Bxc4 b5 12. Ba2 Bb7 13. e4 a5 14. Bb1 g6 15. e5 Nd5 16. Bxe7 Qxe7 17. Ne4 c5 18. Nd6 Reb8 19. dxc5 Bc6 20. Qd2 Nxc5 21. Qc1 Qa7 22. Qh6 Be8 23. b4 axb4 24. axb4 Nd7 25. Ng5 Nf8 26. Nde4 f5 27. exf6 Rb7 28. 0-0 Nxb4 29. Nd6 Nd5 30. Be4 1-0

[Event "Hamedan op"]
[Site "Hamedan"]
[Date "2017.08.13"]
[Round "2"]
[White "Mousavi, Seyed Emadeddin"]
[Black "Khamisi, S Jafar"]
[Result "1/2-1/2"]
[WhiteElo "1900"]
[BlackElo "2193"]
[PlyCount "102"]
[EventDate "2017.08.12"]
[EventType "swiss"]
[EventRounds "11"]
[EventCountry "IRI"]
[SourceTitle "CBM 180 Extra"]
[Source "ChessBase"]
[SourceDate "2017.10.06"]
[SourceVersion "1"]
[SourceVersionDate "2017.10.06"]
[SourceQuality "1"]

1. e4 e5 2. Nf3 Nc6 3. Bb5 a6 4. Bxc6 dxc6 5. 0-0 Bd6 6. d4 exd4 7. Qxd4 f6 8. Be3 Ne7 9. Qc3 Ng6 10. Nbd2 Qe7 11. a3 0-0 12. Nd4 Kh8 13. Rfe1 Qe5 14. g3 c5 15. Ne2 Qe7 16. Nf4 b6 17. Nd5 Qe6 18. f4 f5 19. Qd3 Bb7 20. c4 fxe4 21. Nxe4 Rad8 22. Ng5 Qg8 23. Rad1 Ne7 24. Bc1 Nxd5 25. cxd5 Rfe8 26. Rxe8 Rxe8 27. b3 h6 28. Nf3 Qh7 29. f5 Be5 30. g4 Bf6 31. h4 Rd8 32. Qe4 Qg8 33. g5 Rxd5 34. Rxd5 Bxd5 35. Qf4 Bxf3 36. Qxf3 Bd4+ 37. Kg2 c4 38. bxc4 Qxc4 39. Qa8+ Qg8 40. Qxg8+ Kxg8 41. gxh6 gxh6 42. Bxh6 Bb2 43. a4 b5 44. axb5 axb5 45. Kf3 c5 46. Ke4 Kf7 47. Kd5 Bd4 48. Bg5 Bf2 49. Bd8 c4 50. Ba5 Bxh4 51. Kc6 Kf6 1/2-1/2

[Event "Bandarabbas Galedari Cup 2nd"]
[Site "Bandarabbas"]
[Date "2015.12.05"]
[Round "9.3"]
[White "Mari Ooriad, Pouya"]
[Black "Mousavi, Seyed Emadeddin"]
[Result "1-0"]
[WhiteElo "2215"]
[BlackElo "1905"]
[PlyCount "63"]
[EventDate "2015.11.29"]
[EventType "swiss"]
[EventRounds "9"]
[EventCountry "IRI"]
[SourceTitle "EXT 2024"]
[Source "ChessBase"]
[SourceDate "2023.10.10"]
[SourceVersion "1"]
[SourceVersionDate "2023.10.10"]
[SourceQuality "1"]

1. e4 d6 2. d4 Nf6 3. Nc3 c6 4. f4 Qa5 5. e5 Ne4 6. Bd3 Nxc3 7. Qd2 d5 8. bxc3 c5 9. Nf3 Bg4 10. c4 Qxd2+ 11. Bxd2 Bxf3 12. gxf3 e6 13. Rb1 b6 14. cxd5 exd5 15. c4 cxd4 16. cxd5 Bc5 17. Bb5+ Kd8 18. Rg1 g6 19. Kd1 Nd7 20. Re1 a6 21. Bc6 Ra7 22. Kc2 Nb8 23. Ba4 Rf8 24. Kd3 a5 25. Bb5 f6 26. Ke4 g5 27. e6 f5+ 28. Kd3 g4 29. fxg4 fxg4 30. Ke4 Rg7 31. f5 Rf6 32. Bf4 1-0

[Event "Bandarabbas Galedari Cup 2nd"]
[Site "Bandarabbas"]
[Date "2015.11.30"]
[Round "3.2"]
[White "Toufighi, Homayoon"]
[Black "Mousavi, Seyed Emadeddin"]
[Result "1-0"]
[WhiteElo "2381"]
[BlackElo "1905"]
[PlyCount "55"]
[EventDate "2015.11.29"]
[EventType "swiss"]
[EventRounds "9"]
[EventCountry "IRI"]
[SourceTitle "EXT 2024"]
[Source "ChessBase"]
[SourceDate "2023.10.10"]
[SourceVersion "1"]
[SourceVersionDate "2023.10.10"]
[SourceQuality "1"]

1. d4 d6 2. e4 Nf6 3. Nc3 c6 4. a4 Qa5 5. Bd2 e5 6. Nf3 Nbd7 7. Bd3 exd4 8. Nxd4 Qb6 9. Nde2 g6 10. a5 Qc7 11. 0-0 Bg7 12. f4 0-0 13. Qe1 Re8 14. Qh4 Rb8 15. Kh1 b5 16. axb6 Rxb6 17. b3 Nc5 18. Be3 Ncxe4 19. Bxb6 Qxb6 20. Rad1 Nxc3 21. Nxc3 Qb4 22. Rde1 Rf8 23. Ne4 Nxe4 24. Rxe4 Qa5 25. f5 Bxf5 26. Ra4 Bxd3 27. Rxa5 Bxf1 28. Qe1 1-0